000 01097 a2200241 4500
001 48814
005 20260407155754.0
008 260407a1993 arg spa d
003 AR-UNSa-BCEJYS
040 _aAR-UNSa-BCEJYS
_bspa
_cAR-UNSa-BCEJYS
080 _a37.012
_xMétodos de investigaciones educativas. Métodos de observación en pedagogía
245 1 0 _aEl curriculum
_pmás allá de la teoría de la reproducción
020 _a84-7112-323-1
250 _a2a.ed.
264 1 _aMadrid :
_bEdiciones Morata
_c1993
300 _a175 p.
_c21 cm.
505 _a1. La naturaleza de la teoría del "curriculum " 2. El nacimiento de la moderna teoría educativa bajo la influencia de la educación de masas - 3. Hacia la teoría crítica del "curriculum" - 4. Teorías del "curriculum" y reproducción social - 5. La teoría del "curriculum" como ideología - 6. Hacia el restablecimiento del debate y la teoría de la educación.
942 _cBK
590 _aniveau_biblio:m niveau_hierar:0
100 1 _aKemmis, Stephen
700 1 _aFitzclarence, Lindsay
700 1 _aManzano, Pablo
999 _c4738
_d4738